000 00732 a2200301 4500
003 0
005 20160609164845.0
008 090304t xxu||||| |||| 00| 0 eng d
020 _a2-10-050707-8
037 _b2, CIUF
037 _a08/587
037 _a08/588
040 _cEPAC
100 _aDumenil, Gilles
_942
100 _lFr
_943
245 _aPhysique appliquée en 30 fiches
260 _aParis
260 _bDunod
260 _c2007
300 _a157p.
300 _b21 cm
440 _aExpress Sciences
_944
630 _a62 - Ingenierie. Art de lingenieur. Technologie en general
_945
650 _a6 - SCIENCES APPLIQUEES
_946
650 _aTechnique : physique
_947
942 _cLIVR
999 _c45881
_d45881